000 00616nam a2200193Ia 4500
008 090124s9999 xx 000 0 und d
020 _a81-7434-311-3-1
082 _b43048
100 _aबिनीवाले अविनाश
245 _aB बोलु कवतिके
250 _a1
260 _bराजहंस प्रकाशन
_c2005
300 _a91
600 _aबिनीवाले अविनाश
630 _aB बोलु कवतिके
700 _aबिनीवाले अविनाश
730 _aB बोलु कवतिके
942 _cBOOK
999 _c109285
_d109285